MDQL
is popping MORE tags! Check the
thread
!
Quizzes
Events
Quiz Creation
Community
Videos
Private Events
Remove Ads
Sign In
Join for FREE
Feedback
Dark Mode
Quiz Categories
Sports
Geography
Music
Movies
Television
Just For Fun
Miscellaneous
History
Literature
Language
Science
Gaming
Entertainment
Religion
Holiday
For Kids
Quiz Lab
Recent
Popular Today
Quiz Kudos Today
Editor Picks
Curator Picks
Quizzes by...
Day
Popularity
Type
Ratings
Length
Year
Community
Subscriptions
Recent Discussions
Orange Saloon
Badges
Playlists
Quests
Create
Leaderboards
Showdown
Live 5
Trivia Bingo
Activity
Puzzle Library
Sporcle Events
Private Events
Virtual Trivia
Globe League
Become a Host
Pub Owners
SporcleCon
Opinionation
Our Games
Videos
Blog
Mobile Apps
Partnerships
Remove Ads and Go Orange
Feedback
Geography
Country
Landmarks
City
State
Population
World
Capital
Continent
Flags
Europe
Africa
Asia
South America
North America
Oceania
Border
Canada
United Kingdom
Topography
United States
Geography
Country
Landmarks
City
State
Population
World
Capital
Continent
Flags
Europe
Africa
Asia
South America
North America
Oceania
Border
Canada
United Kingdom
Topography
United States
Random Quiz
Search Sporcle
×
Quiz Lab
Quiz Lab
Geography
Italy
Type answers that appear on an image
Type answers that appear on an image
Map
Best Score? Go Orange.
Regioni d'Italia Stats
Puoi chiamare tutte le regioni d'Italia?
By
nicolopoter
6m
20 Questions
1,137 Plays
1,137 Plays
1,137 Plays
Comments
Comments
Give Quiz Kudos
Give Quiz Kudos
-
- Ratings
hide this ad
More Info
Replay
Link that replays current quiz
Next Quiz
Link to next quiz in quiz playlist
You Got
0%
They Got
Avg Score
87%
Avg Friend Score
Upgrade to see
Score Distribution
Jump to the score distribution portion of the page
Score
0/20
Timer
06:00
0
Plays Today
% Correct
Sicilia
96.2%
Lazio
93.6%
Sardegna
93.6%
Lombardia
92.7%
Toscana
91%
Veneto
90.7%
Puglia
90.7%
Liguria
89.3%
Calabria
88.6%
Campania
88.3%
% Correct
Piemonte
87.9%
Emilia-Romagna
87.5%
Umbria
87.4%
Le Marche
85.2%
Molise
84.7%
Abruzzo
83.6%
Valle d'Aosta
83.2%
Basilicata
81.7%
Trentino-Alto Adige
80.7%
Friuli-Venezia Giulia
78.3%
Quiz Playlist
Details
Report
Send in Message
Add To Playlist
More Info:
(questo gioco accetta soltanto i nomi italiani)
Map:
Type answers that appear on an image
Last Updated: Mar 30, 2017
Quiz Scoreboard
CHALLENGE
Sign Up to Join the Scoreboard
Show All
Scores
Hide
Comments
May contain spoilers
Recently Published
Two Season TV Shows II
by 123Four
Television
10m
Image Sorting: Flags VI
by Barbecue
Geography
2m
Find the 'City' Movie
by crazypaving
Movies
60s
More to Explore
Quiz From the Vault
Featured Blog Post
14 Easter Pick-up Lines to Find Eggs With
hide this ad
You Might Also Like...
Tags
By Region
Italy
region
Today's Top Quizzes in Geography
Browse Geography
hide this ad
Today's Top Quizzes in Italy
Browse Italy
Top Contributed Quizzes in Geography
1
Colored Red Europe Blitz I
2
Countries of the World - No Outlines Minefield
3
Colored Red Africa Blitz II
4
Colored Red Europe Blitz II
5
Colored Red Europe Blitz III
6
Colored Red Africa Blitz III
7
Colored Red States Blitz I
8
Colored Red States Blitz II
9
A Different View: World Oceans
10
Colored Red States Blitz III
Explore More
Trending Topics
Disney
NBA
Kpop
Crossword
Anime
Marvel
Harry Potter
The Office
Puzzle
Pokémon
Soccer
Song
NFL
Country
WWE
hide this ad
More By:
nicolopoter
Quiz
Plays
Rating
Category
Featured
Created
Hauptstädten des Deutschland
2,115
3.25
Geography
Apr 5, 2017
Regioni d'Italia
1,137
5.00
Geography
Mar 30, 2017
Capoluoghi delle regioni d'Italia
514
5.00
Geography
Mar 30, 2017
Das Bundesland
469
5.00
Geography
Mar 30, 2017
Régions de France
270
5.00
Geography
Mar 30, 2017
Go to Creator's Profile
Score Distribution
Quiz Creator Spotlight
nicolopoter
Follow
Send a Message
Quizzes Created
-
Created Quiz Play Count
-
More By This Creator
Popular Quizzes Today
1
Find the US States - No Outlines Minefield
2
Colored Red Africa Blitz
3
Find the 'City' Movie
4
5x2 Blitz: Bands
5
The Countries of the World
6
Find the Countries of Europe - No Outlines Minefield
7
Find the US States
8
US States
More Geography Quizzes
American or Canadian Flag?
Published
Trending Quizzes
Colored Red Europe Blitz I
Colored Red Africa Blitz II
Colored Red Europe Blitz II
Even More Two Season TV Shows
Colored Red Africa Blitz III
Recently Updated
March Madness Men's Triple Doubles
pecheneg
How Do You Spell That?
pecheneg
Godzilla Movies
pecheneg
Grab Bag: 4-10 Letters
pecheneg
2024 March Madness Bracket
pecheneg
Famous TV Couples
Peacemaker
Champions League XIs: Real Madrid
pecheneg
Largest US Cities 1790-2010
pecheneg
Rides in Walt Disney World
pecheneg
Most Oscar Losses (Acting)
pecheneg
Trending Topics
Disney
Harry Potter
Crossword
NBA
Kpop
Marvel
Anime
Soccer
NFL
The Office
Song
Puzzle
Country
Pokémon
WWE
Your Account Isn't Verified!
In order to create a playlist on Sporcle, you need to verify the email address you used during registration. Go to your
Sporcle Settings
to finish the process.
Report this User
Report this user for behavior that violates our
Community Guidelines
.
Details:
Send Report
Go to the Sporcle.com Mobile Site →
Comments